00708nam a22001697a 4500003000900000008004100009040007100050082001600121100001700137245003300154260003700187300003400224505021600258650001800474650002400492650002200516AR-CdUCM190301b ||||| |||| 00| 0 spa d aMUNICIPALIDAD PROVINCIAL DEL CUSCOcBIBLIOTECA MUNICIPAL DEL CUSCO a939 /bM476 aMazel, Jean. aEl secreto de los fenicios / aBarcelona : b Bruguera, c1970. a223 paginas ;bMapas.c18 cm. aLos fenicios de oriente -- La religión Fenicia -- Biblos, capital dela escritura -- Con los fenicios de oriente sobre la ruta del estaño -- Los Fenicios de occidente Cartago Nueva York de la antigüedad... aHombres rojos aFenicios de oriente aleyenda de Europa